[Event "M.Chigorin Memorial"]
[Site "St. Petersburg RUS"]
[Date "2009.10.20"]
[Round "5.64"]
[White "Kosov, Ivan"]
[Black "Kaganskiy, Gleb"]
[Result "1-0"]
[WhiteElo "2396"]
[BlackElo "2248"]
[PlyCount "89"]
[EventDate "2009.??.??"]

1. c4 c5 2. Nc3 e6 3. Nf3 b6 4. g3 Bb7 5. Bg2 Nf6 6. O-O a6 7. Re1 Be7 8. e4 d6
9. d4 cxd4 10. Nxd4 Qc7 11. Be3 Nbd7 12. Rc1 O-O 13. b3 Rfe8 14. Rc2 Rac8 15.
g4 g6 16. g5 Nh5 17. f4 Bf8 18. f5 Ne5 19. fxe6 fxe6 20. Bh3 Ng7 21. Rf1 Rcd8
22. Rf6 Bc8 23. Qf1 Bd7 24. a4 Qc8 25. Nf3 Qb8 26. Nxe5 dxe5 27. Rcf2 Nh5 28.
Ne2 Nxf6 29. gxf6 Kf7 30. Bg4 Bc5 31. Qh3 Rh8 32. Bxc5 bxc5 33. Qh6 Rdg8 34.
Nc1 Qf8 35. Qd2 Bc6 36. Nd3 Qd6 37. Qc3 Rd8 38. Nxe5+ Kf8 39. f7 Ke7 40. Nxc6+
Qxc6 41. Qf6+ Kd7 42. Bxe6+ Kc7 43. Qe7+ Kb8 44. f8=Q Rhxf8 45. Rxf8 1-0

[Event "M.Chigorin Memorial"]
[Site "St. Petersburg RUS"]
[Date "2009.10.20"]
[Round "5.65"]
[White "Tovmasian, Vardges"]
[Black "Trushelyov, Victor"]
[Result "1/2-1/2"]
[WhiteElo "2228"]
[BlackElo "2396"]
[PlyCount "146"]
[EventDate "2009.??.??"]

1. e4 e5 2. Nf3 Nf6 3. Nxe5 d6 4. Nxf7 Kxf7 5. d4 c5 6. Nc3 Be7 7. Bc4+ Be6 8.
d5 Bc8 9. e5 dxe5 10. d6+ Be6 11. Bxe6+ Kxe6 12. dxe7 Qxd1+ 13. Nxd1 Nc6 14.
O-O Rhe8 15. Re1 Rxe7 16. c3 Rd8 17. f3 Kf7 18. Nf2 h6 19. Re2 b6 20. Bd2 Red7
21. Be3 g5 22. Rae1 Kg6 23. Bc1 Rd5 24. g4 R5d7 25. Kg2 h5 26. gxh5+ Kxh5 27.
h3 Kg6 28. Kh2 Kh5 29. Rg1 Rg8 30. Kh1 Rd5 31. Kh2 Rd7 32. Kh1 b5 33. Be3 c4
34. Kh2 Nd8 35. Nh1 Nf7 36. a4 bxa4 37. Ra1 Nd5 38. Ng3+ Kg6 39. Ne4 Nxe3 40.
Rxe3 Rb8 41. Re2 Nd6 42. Rd1 Nxe4 43. Rxd7 Nc5 44. Rxa7 Kf5 45. Kg3 Nd3 46.
Rxa4 Nf4 47. Rd2 Rh8 48. Rh2 Rd8 49. Ra1 Nh5+ 50. Kf2 Rd2+ 51. Kg1 Rd3 52. h4
gxh4 53. Rxh4 Nf4 54. Rf1 Rd2 55. Rf2 Rd1+ 56. Kh2 Nd3 57. Re2 Nf4 58. Rf2 Nd3
59. Rg2 Nf4 60. Rg8 Rd2+ 61. Kg1 Rxb2 62. Rf8+ Ke6 63. Rh6+ Kd5 64. Rd8+ Kc5
65. Rc8+ Kd5 66. Rcc6 e4 67. Rcf6 Ke5 68. fxe4 Kxe4 69. Rh4 Rb1+ 70. Kf2 Rb2+
71. Kf1 Rb1+ 72. Kf2 Rb2+ 73. Kf1 Rb1+ 1/2-1/2

[Event "M.Chigorin Memorial"]
[Site "St. Petersburg RUS"]
[Date "2009.10.20"]
[Round "5.66"]
[White "Vlasenko, Miroslav"]
[Black "Khojayan, Vardan"]
[Result "1/2-1/2"]
[WhiteElo "2384"]
[BlackElo "2229"]
[PlyCount "125"]
[EventDate "2009.??.??"]

1. d4 Nf6 2. Nf3 e6 3. Nbd2 d5 4. e3 Be7 5. Bd3 O-O 6. O-O c5 7. c3 Nbd7 8. Re1
Qc7 9. e4 dxe4 10. Nxe4 b6 11. Bg5 Bb7 12. dxc5 Nxc5 13. Bxf6 gxf6 14. Nxc5
Qxc5 15. Be4 Bxe4 16. Rxe4 f5 17. Re1 Bf6 18. Qc2 Kh8 19. Red1 Rg8 20. Ne1 Qc6
21. Rd3 Rg6 22. Rad1 Rag8 23. g3 f4 24. Qe2 fxg3 25. hxg3 Qb5 26. Ng2 Rg5 27.
R1d2 Re5 28. Re3 Qxe2 29. Rexe2 Rxe2 30. Rxe2 Rd8 31. Ne1 Kg7 32. Nf3 Be7 33.
Nd4 Bc5 34. Nc6 Rd1+ 35. Kg2 a6 36. a4 Rd6 37. Ne5 b5 38. b4 Ba7 39. c4 bxc4
40. Nxc4 Rd4 41. Rc2 Kf6 42. b5 axb5 43. axb5 Rd5 44. b6 Bb8 45. Ra2 Rc5 46.
Ra8 Rxc4 47. Rxb8 Rb4 48. Rb7 h5 49. Kf3 Kg5 50. Rb8 Kf5 51. b7 Rb3+ 52. Ke2
Ke5 53. Kd2 Ke4 54. Kc2 Rb6 55. f4 Kf5 56. Kd3 Rb3+ 57. Kc4 Rb1 58. Kc5 Kf6 59.
Kc6 Rc1+ 60. Kd7 Rd1+ 61. Ke8 Rb1 62. Kf8 Rb3 63. Ke8 1/2-1/2

[Event "M.Chigorin Memorial"]
[Site "St. Petersburg RUS"]
[Date "2009.10.20"]
[Round "5.67"]
[White "Aleshin, Oleg"]
[Black "Kopasov, Alexander"]
[Result "1-0"]
[WhiteElo "2377"]
[BlackElo "2227"]
[PlyCount "81"]
[EventDate "2009.??.??"]

1. d4 Nf6 2. c4 e6 3. Nc3 Bb4 4. e3 c5 5. Bd3 Bxc3+ 6. bxc3 d6 7. Ne2 O-O 8.
O-O Nc6 9. e4 e5 10. d5 Ne7 11. Ng3 Ng6 12. Re1 Re8 13. Bf1 b6 14. f3 h6 15.
Be3 Bd7 16. Qd2 Kh7 17. Bd3 Ng8 18. Rf1 N8e7 19. Nf5 Nxf5 20. exf5 Nf8 21. f6+
g6 22. Bxh6 Qxf6 23. Rae1 Bf5 24. Be4 Nd7 25. g4 Bxe4 26. fxe4 Qe7 27. g5 Rh8
28. Rf3 Kg8 29. Ref1 Rh7 30. h4 a6 31. Qh2 Re8 32. h5 Rd8 33. hxg6 fxg6 34. Qh3
Rxh6 35. gxh6 Nf8 36. Qg4 g5 37. Rf6 Nh7 38. Rg6+ Kh8 39. Rg7 Qe8 40. Rff7 Nf8
41. Qxg5 1-0

[Event "M.Chigorin Memorial"]
[Site "St. Petersburg RUS"]
[Date "2009.10.20"]
[Round "5.68"]
[White "Serov, Maksim"]
[Black "Kurukin, Dmitry"]
[Result "1/2-1/2"]
[WhiteElo "2377"]
[BlackElo "2222"]
[PlyCount "47"]
[EventDate "2009.??.??"]

1. d4 Nf6 2. c4 e6 3. g3 d5 4. Nf3 dxc4 5. Bg2 Nc6 6. O-O Rb8 7. Bg5 Be7 8. e3
b5 9. Qe2 O-O 10. Rc1 Bb7 11. b3 Na5 12. bxc4 bxc4 13. Nc3 Ne4 14. Nxe4 Bxe4
15. Bxe7 Qxe7 16. Ne5 Bxg2 17. Kxg2 c5 18. Nxc4 Qb7+ 19. Qf3 Nxc4 20. Qxb7 Rxb7
21. Rxc4 cxd4 22. Rxd4 g6 23. Rad1 Rc8 24. R1d2 1/2-1/2

[Event "M.Chigorin Memorial"]
[Site "St. Petersburg RUS"]
[Date "2009.10.20"]
[Round "5.69"]
[White "Demianjuk, Alexander"]
[Black "Berdychevaskaya, Natasha"]
[Result "1/2-1/2"]
[WhiteElo "2367"]
[BlackElo "2215"]
[PlyCount "73"]
[EventDate "2009.??.??"]

1. d4 Nf6 2. c4 g6 3. Nc3 d5 4. cxd5 Nxd5 5. e4 Nxc3 6. bxc3 Bg7 7. Bc4 c5 8.
Ne2 Nc6 9. Be3 O-O 10. O-O Bg4 11. f3 cxd4 12. cxd4 Bd7 13. Rb1 b6 14. Qd2 Na5
15. Bd3 Rc8 16. Rfc1 Rxc1+ 17. Rxc1 Qb8 18. Ba6 Rd8 19. Bf4 e5 20. Bg5 f6 21.
Be3 Bc8 22. Bb5 Bb7 23. Qb2 Rc8 24. dxe5 fxe5 25. Nc3 Rd8 26. Bf1 Kh8 27. Nb5
Nc6 28. a4 Nd4 29. Kh1 Ba6 30. Nxd4 exd4 31. Bg5 d3 32. Bf6 Bxf6 33. Qxf6+ Kg8
34. Qe6+ Kh8 35. Qf6+ Kg8 36. Qe6+ Kh8 37. Qf6+ 1/2-1/2

[Event "M.Chigorin Memorial"]
[Site "St. Petersburg RUS"]
[Date "2009.10.20"]
[Round "5.70"]
[White "Predke, Alexandr"]
[Black "Naumenko, Oleg"]
[Result "1/2-1/2"]
[WhiteElo "2361"]
[BlackElo "2207"]
[PlyCount "71"]
[EventDate "2009.??.??"]

1. e4 c5 2. Nf3 Nc6 3. Nc3 a6 4. d4 cxd4 5. Nxd4 e5 6. Nf5 d6 7. Ne3 Nf6 8.
Ned5 Be7 9. Be3 O-O 10. Bb6 Qd7 11. h3 Bd8 12. Be2 Nxd5 13. Nxd5 f5 14. exf5
Qxf5 15. O-O Be6 16. Bc7 Qf7 17. Bxd8 Raxd8 18. Ne3 d5 19. Bg4 d4 20. Bxe6 Qxe6
21. Ng4 e4 22. Re1 Qf5 23. Qd2 h5 24. Nh2 b5 25. Nf1 h4 26. c3 dxc3 27. Qxc3
Qxf2+ 28. Kh1 Nd4 29. Rxe4 Ne2 30. Qe3 Qxf1+ 31. Kh2 Qxa1 32. Qb3+ Rf7 33. Rxe2
Qd1 34. Re8+ Kh7 35. Qxf7 Qd6+ 36. Kh1 1/2-1/2

[Event "M.Chigorin Memorial"]
[Site "St. Petersburg RUS"]
[Date "2009.10.20"]
[Round "5.71"]
[White "Butuc, Maria"]
[Black "Battaglini, Gabriel"]
[Result "0-1"]
[WhiteElo "2215"]
[BlackElo "2360"]
[PlyCount "54"]
[EventDate "2009.??.??"]

1. c4 Nf6 2. Nc3 e6 3. Nf3 Bb4 4. Qc2 O-O 5. a3 Bxc3 6. Qxc3 d5 7. e3 b6 8. Be2
Bb7 9. O-O dxc4 10. Bxc4 Ne4 11. Qc2 Ng5 12. Nxg5 Qxg5 13. e4 c5 14. d3 Qf6 15.
Be3 Nc6 16. f4 Rad8 17. Kh1 Rd7 18. Rab1 Nd4 19. Bxd4 Rxd4 20. Qb3 Kh8 21. Rf3
g6 22. Rbf1 Qd8 23. Rh3 f5 24. exf5 Rxf5 25. Bxe6 Rfxf4 26. Rxf4 Rxf4 27. Qc3+
Qf6 0-1

[Event "M.Chigorin Memorial"]
[Site "St. Petersburg RUS"]
[Date "2009.10.20"]
[Round "5.72"]
[White "Kobzar, Alexandr"]
[Black "Ponomarev, Dmitry"]
[Result "1/2-1/2"]
[WhiteElo "2198"]
[BlackElo "2343"]
[PlyCount "95"]
[EventDate "2009.??.??"]

1. e4 c6 2. d4 d5 3. e5 Bf5 4. Nf3 e6 5. Be2 Nd7 6. O-O Ne7 7. Be3 h6 8. c3 Bh7
9. Bd3 Bxd3 10. Qxd3 Qb6 11. Nbd2 Nf5 12. g4 Nxe3 13. fxe3 Be7 14. Rf2 O-O-O
15. b4 f6 16. Nh4 fxe5 17. Ng6 Bf6 18. Nxh8 Rxh8 19. Nb3 e4 20. Qf1 Bg5 21. Rf7
Bxe3+ 22. Kh1 Qb5 23. Qxb5 cxb5 24. a4 bxa4 25. Rxa4 Rf8 26. Rxf8+ Nxf8 27.
Rxa7 Kb8 28. Ra1 Ng6 29. Kg2 b6 30. Re1 Bg5 31. Kf1 Bf4 32. Re2 Nh4 33. Nd2 Kc7
34. Nxe4 dxe4 35. Rxe4 Bxh2 36. Rxe6 Bd6 37. Kf2 b5 38. Re8 Ng6 39. Kf3 Nf4 40.
Ke4 Ne2 41. Kd3 Nf4+ 42. Ke4 Ne2 43. c4 Kd7 44. Rg8 bxc4 45. Rxg7+ Be7 46. d5
c3 47. Kd3 Nf4+ 48. Kxc3 1/2-1/2

[Event "M.Chigorin Memorial"]
[Site "St. Petersburg RUS"]
[Date "2009.10.20"]
[Round "5.73"]
[White "Donskov, Anatoly"]
[Black "Mikheev, Stanislav"]
[Result "0-1"]
[WhiteElo "2194"]
[BlackElo "2332"]
[PlyCount "88"]
[EventDate "2009.??.??"]

1. e4 e5 2. Nf3 Nf6 3. Nxe5 d6 4. Nf3 Nxe4 5. d4 d5 6. Bd3 Nc6 7. O-O Be7 8. c4
Nb4 9. Be2 O-O 10. Nc3 Bf5 11. a3 Nxc3 12. bxc3 Nc6 13. cxd5 Qxd5 14. Be3 Rad8
15. Nd2 Na5 16. Qa4 b6 17. Rfe1 Bf6 18. Rac1 Rfe8 19. Bf3 Qe6 20. g3 h6 21. Bg2
c6 22. f4 Bd3 23. Nf3 Qb3 24. Qb4 Be7 25. Qxb3 Nxb3 26. Ne5 Nxc1 27. Bxc1 Bb5
28. Nxc6 Bd6 29. Rxe8+ Rxe8 30. Nxa7 Bc4 31. Bd2 Bxa3 32. Bf3 Bc1 33. Bxc1 Re1+
34. Kf2 Rxc1 35. Nc8 Rc2+ 36. Kg1 b5 37. d5 Rxc3 38. Bg4 Kf8 39. Na7 b4 40. d6
Be6 41. Bxe6 fxe6 42. Nb5 Rd3 43. Kf2 b3 44. Ke2 Rxd6 0-1

[Event "M.Chigorin Memorial"]
[Site "St. Petersburg RUS"]
[Date "2009.10.20"]
[Round "5.74"]
[White "Burtasova, Anna"]
[Black "Pochinkov, Andrey"]
[Result "0-1"]
[WhiteElo "2331"]
[BlackElo "2197"]
[PlyCount "52"]
[EventDate "2009.??.??"]

1. e4 e6 2. d4 d5 3. e5 c5 4. c3 Nc6 5. Nf3 Bd7 6. a3 f6 7. Be2 fxe5 8. dxe5
Qc7 9. Bf4 Nh6 10. O-O Nf7 11. Re1 O-O-O 12. Bf1 h6 13. b4 g5 14. Bg3 h5 15. b5
Ne7 16. h4 g4 17. Nfd2 Nf5 18. a4 Nxg3 19. fxg3 Nxe5 20. a5 c4 21. b6 axb6 22.
axb6 Qxb6+ 23. Kh2 Bd6 24. Na3 Qf2 25. Kh1 Bc5 26. Bxc4 Qxg3 0-1

[Event "M.Chigorin Memorial"]
[Site "St. Petersburg RUS"]
[Date "2009.10.20"]
[Round "5.75"]
[White "Korchmar, Vasiliy"]
[Black "Sichinava, Zviad"]
[Result "1-0"]
[WhiteElo "2163"]
[BlackElo "2331"]
[PlyCount "35"]
[EventDate "2009.??.??"]

1. e4 c5 2. Nf3 Nc6 3. d4 cxd4 4. Nxd4 g6 5. Nc3 Bg7 6. Be3 Nf6 7. Bc4 O-O 8.
Bb3 a5 9. a4 d5 10. exd5 Nb4 11. Ndb5 Bf5 12. O-O Qd7 13. Re1 Rac8 14. Bb6 Ng4
15. Bxa5 Na6 16. Bb6 Rxc3 17. bxc3 Bxc3 18. h3 1-0

[Event "M.Chigorin Memorial"]
[Site "St. Petersburg RUS"]
[Date "2009.10.20"]
[Round "5.76"]
[White "Melnikov, Dmitry"]
[Black "Inants, Aghasi"]
[Result "1-0"]
[WhiteElo "2327"]
[BlackElo "2192"]
[PlyCount "95"]
[EventDate "2009.??.??"]

1. f4 e5 2. fxe5 d6 3. exd6 Bxd6 4. Nf3 Nf6 5. e3 Bg4 6. Be2 c6 7. Nc3 Qc7 8.
d4 Bxf3 9. Bxf3 Bxh2 10. Qe2 Bg3+ 11. Kd1 Na6 12. Bd2 O-O-O 13. Qc4 Rhe8 14.
Kc1 g5 15. Rh6 Re6 16. b4 g4 17. Be2 Bd6 18. a3 Bf8 19. Rh1 h5 20. Bd3 Kb8 21.
Kb2 Bh6 22. Raf1 Qg3 23. Bf5 Re7 24. Bd3 Nd5 25. Rxh5 Bxe3 26. Nxd5 cxd5 27.
Rxd5 Rde8 28. Bxe3 Rxe3 29. Qb3 Qxg2 30. Rd7 Qxf1 31. Bxf1 Rxb3+ 32. Kxb3 Rf8
33. Bg2 Nc7 34. d5 Kc8 35. Re7 Ne8 36. c4 Nd6 37. c5 Nf5 38. Re4 Rg8 39. d6 Rg7
40. Re8+ Kd7 41. Rb8 b6 42. Rb7+ Ke6 43. Rxa7 bxc5 44. bxc5 Rh7 45. d7 Rh8 46.
c6 Nh4 47. Bd5+ Kd6 48. c7 1-0

[Event "M.Chigorin Memorial"]
[Site "St. Petersburg RUS"]
[Date "2009.10.20"]
[Round "5.77"]
[White "Duzhakov, Ilya"]
[Black "Savinov, Leonid"]
[Result "1-0"]
[WhiteElo "2321"]
[BlackElo "2167"]
[PlyCount "115"]
[EventDate "2009.??.??"]

1. d4 d5 2. Nf3 Nf6 3. c4 c6 4. e3 e6 5. Nbd2 Bd6 6. Bd3 Nbd7 7. O-O O-O 8. e4
dxe4 9. Nxe4 Nxe4 10. Bxe4 Nf6 11. Bc2 h6 12. b3 Qe7 13. c5 Bc7 14. Qe2 b6 15.
Ne5 bxc5 16. Ba3 a5 17. Bd3 a4 18. bxa4 Rxa4 19. Bxc5 Bd6 20. Nxc6 Qc7 21. Bb5
Ra8 22. Bxd6 Qxd6 23. a4 Bb7 24. Qe5 Qxe5 25. dxe5 Nd5 26. Rfc1 Bxc6 27. Rxc6
Rfb8 28. Rc5 Ra5 29. g3 Rba8 30. Bc6 Rxc5 31. Bxa8 Nb6 32. Bb7 Ra5 33. Bc6 Nc4
34. f4 Rc5 35. Bb5 Na5 36. Rd1 g5 37. Be2 gxf4 38. gxf4 Rc2 39. Kf2 Ra2 40. Rd4
Nb3 41. Rc4 Na5 42. Rb4 Nc6 43. Re4 Ne7 44. Ke3 Nd5+ 45. Kd3 Kf8 46. h4 Ke7 47.
Bd1 Ra3+ 48. Kd4 Kd7 49. Kc5 Rc3+ 50. Kb5 Rh3 51. Rd4 Kc7 52. Bh5 Rxh4 53. Rc4+
Kb8 54. Bf3 Nxf4 55. Kb6 Ng6 56. Be4 Nxe5 57. Rd4 Nc4+ 58. Rxc4 1-0

[Event "M.Chigorin Memorial"]
[Site "St. Petersburg RUS"]
[Date "2009.10.20"]
[Round "5.78"]
[White "Atlas, Eduard"]
[Black "Pecheritsa, Vitaly"]
[Result "0-1"]
[WhiteElo "2060"]
[BlackElo "2319"]
[PlyCount "80"]
[EventDate "2009.??.??"]

1. e4 c5 2. c3 e6 3. d4 d5 4. exd5 exd5 5. Be3 c4 6. b3 cxb3 7. axb3 Nc6 8. Nf3
Bd6 9. Bd3 h6 10. O-O Nf6 11. Re1 O-O 12. Nbd2 Re8 13. Qc2 Bd7 14. Bf5 Rc8 15.
Bxd7 Qxd7 16. Qd1 a6 17. Nf1 Ne4 18. Bd2 Bb8 19. Ng3 Re7 20. Nh4 Bxg3 21. fxg3
g5 22. Nf3 f6 23. Rf1 Nd8 24. Rc1 Nf7 25. Ne1 Rce8 26. Rc2 Qb5 27. b4 Nfd6 28.
Bc1 Rc8 29. Qh5 Kg7 30. Qf3 Rec7 31. Bb2 Nc4 32. Bc1 Nb6 33. Bd2 Na4 34. Nd3
Naxc3 35. Kh1 b6 36. Nc5 bxc5 37. Bxc3 cxb4 38. Rb2 Rxc3 39. Qf5 Rc1 40. Rb1
Qxf1+ 0-1

[Event "M.Chigorin Memorial"]
[Site "St. Petersburg RUS"]
[Date "2009.10.20"]
[Round "5.79"]
[White "Kostiukov, Alexandr"]
[Black "Homiakova, Ekaterina"]
[Result "1-0"]
[WhiteElo "2317"]
[BlackElo "2122"]
[PlyCount "67"]
[EventDate "2009.??.??"]

1. c4 c5 2. Nf3 g6 3. g3 Bg7 4. Bg2 Nc6 5. O-O e6 6. Nc3 Nge7 7. d4 cxd4 8. Nb5
O-O 9. Nfxd4 Nxd4 10. Nxd4 d5 11. cxd5 Nxd5 12. e4 Nc7 13. Be3 e5 14. Nb3 b6
15. Qc2 Ba6 16. Rfd1 Qe7 17. Qc6 Rfd8 18. Bf1 Bxf1 19. Kxf1 Ne6 20. Rac1 Rab8
21. Rd5 Qf6 22. Nd2 Nd4 23. Bxd4 exd4 24. Qxf6 Bxf6 25. Rxd8+ Rxd8 26. f4 Rd7
27. Rc8+ Kg7 28. e5 Be7 29. Ke2 d3+ 30. Kd1 Bc5 31. Ne4 Bd4 32. Nf6 Re7 33.
Rg8+ Kh6 34. g4 1-0

[Event "M.Chigorin Memorial"]
[Site "St. Petersburg RUS"]
[Date "2009.10.20"]
[Round "5.80"]
[White "Molchanova, Tatjana"]
[Black "Zanan, Evgeny"]
[Result "1/2-1/2"]
[WhiteElo "2316"]
[BlackElo "2111"]
[PlyCount "113"]
[EventDate "2009.??.??"]

1. d4 Nf6 2. Nf3 e6 3. g3 b6 4. Bg2 Bb7 5. c4 Be7 6. Nc3 O-O 7. O-O Ne4 8. Bd2
f5 9. d5 Bf6 10. Rc1 Qe7 11. Be1 d6 12. Nd4 Bxd4 13. Qxd4 e5 14. Qd1 Nf6 15. b4
Nbd7 16. Qb3 e4 17. Nb5 Ne5 18. Nd4 Bc8 19. f4 exf3 20. exf3 f4 21. g4 g5 22.
Bd2 Bd7 23. Rce1 Rae8 24. a4 Qf7 25. Nb5 a6 26. Nc3 h5 27. h3 hxg4 28. hxg4 Qh7
29. Nd1 Rf7 30. Nf2 Rfe7 31. Bc3 Qh4 32. Bxe5 Rxe5 33. Rxe5 Rxe5 34. Qb1 Qh7
35. Qxh7+ Kxh7 36. Ra1 Re3 37. a5 Bc8 38. axb6 cxb6 39. Rc1 Bd7 40. c5 bxc5 41.
bxc5 dxc5 42. Rxc5 Re5 43. Ne4 Kg6 44. Bf1 Nxe4 45. Bd3 Kf6 46. Bxe4 Ke7 47.
Kf2 Kd6 48. Rc1 Re8 49. Ke2 Rb8 50. Kd3 a5 51. Rh1 a4 52. Kc4 a3 53. Ra1 Ra8
54. Kb3 Be8 55. Rxa3 Rxa3+ 56. Kxa3 Bf7 57. Kb4 1/2-1/2

[Event "M.Chigorin Memorial"]
[Site "St. Petersburg RUS"]
[Date "2009.10.20"]
[Round "5.81"]
[White "Bajaramov, Elvin"]
[Black "Vastrukhin, Oleg"]
[Result "0-1"]
[WhiteElo "2019"]
[BlackElo "2315"]
[PlyCount "118"]
[EventDate "2009.??.??"]

1. d4 a6 2. e4 b5 3. Bf4 Bb7 4. f3 Nf6 5. Bd3 e6 6. Ne2 c5 7. c3 Nc6 8. Nd2 Qb6
9. Be3 d5 10. e5 cxd4 11. Bxd4 Nxd4 12. cxd4 Nd7 13. f4 f6 14. Nf3 Bb4+ 15. Nc3
O-O-O 16. Qb3 Be7 17. a4 b4 18. a5 Qa7 19. Na2 Rdf8 20. Nxb4 fxe5 21. fxe5 Rxf3
22. gxf3 Qxd4 23. Qc3+ Qxc3+ 24. bxc3 d4 25. Rc1 Kd8 26. Be4 Bxe4 27. fxe4 Nxe5
28. Ke2 Bxb4 29. cxb4 Kd7 30. Rc5 Kd6 31. Rhc1 Rb8 32. b5 axb5 33. Rc8 d3+ 34.
Kd1 Rb7 35. Ra8 Nc4 36. a6 Rf7 37. Rd8+ Ke5 38. Rxd3 Nb2+ 39. Ke2 Nxd3 40. Kxd3
Rf3+ 41. Ke2 Ra3 42. Rc7 Rxa6 43. Rxg7 Kxe4 44. Rxh7 Ra2+ 45. Kd1 e5 46. h4 Rh2
47. Rb7 Kd3 48. Rd7+ Ke3 49. Rd5 e4 50. Rxb5 Rh1+ 51. Kc2 Rxh4 52. Rb3+ Ke2 53.
Rb4 Kf3 54. Rb8 Rh2+ 55. Kd1 Rh1+ 56. Kc2 e3 57. Rf8+ Ke2 58. Re8 Rh6 59. Kc3
Rd6 0-1

[Event "M.Chigorin Memorial"]
[Site "St. Petersburg RUS"]
[Date "2009.10.20"]
[Round "5.82"]
[White "Gorkavij, Vadim"]
[Black "Fedotov, Konstantin"]
[Result "1-0"]
[WhiteElo "2314"]
[BlackElo "1891"]
[PlyCount "97"]
[EventDate "2009.??.??"]

1. e4 e5 2. Nf3 Nf6 3. Nxe5 d6 4. Nf3 Nxe4 5. d4 d5 6. Bd3 Be7 7. O-O O-O 8. c4
Nf6 9. Ne5 c5 10. dxc5 Qc7 11. Bf4 Qxc5 12. Nd2 Nc6 13. Nb3 Qb4 14. Rc1 Be6 15.
Nxc6 bxc6 16. Nd4 Bd7 17. Qc2 g6 18. a3 Qb6 19. c5 Qd8 20. Qa4 Nh5 21. Bd2 Bg5
22. f4 Bf6 23. Rce1 Re8 24. f5 Rxe1 25. Rxe1 Qc7 26. fxg6 hxg6 27. Nf3 Bxb2 28.
Qc2 Bg7 29. Bxg6 fxg6 30. Qxg6 Nf4 31. Qg5 Rf8 32. Re7 Ne6 33. Qg6 Rxf3 34.
gxf3 Qe5 35. Rxd7 Nf8 36. Qf7+ Kh8 37. Re7 Qa1+ 38. Kg2 Qb2 39. Kh3 Qa1 40. Be1
Qd4 41. Re8 Qxc5 42. Bb4 Qf2 43. Rxf8+ Bxf8 44. Qxf8+ Kh7 45. Qf7+ Kh6 46. Bd6
Qf1+ 47. Kg4 Qg1+ 48. Kf5 Qb1+ 49. Ke6 1-0

[Event "M.Chigorin Memorial"]
[Site "St. Petersburg RUS"]
[Date "2009.10.20"]
[Round "5.83"]
[White "Kashtanov, Ruslan"]
[Black "Bratus, Petr P"]
[Result "1-0"]
[WhiteElo "2343"]
[BlackElo "2189"]
[PlyCount "81"]
[EventDate "2009.??.??"]

1. d4 c5 2. d5 f5 3. c4 Nf6 4. Nc3 g6 5. g3 d6 6. Bg2 Bg7 7. Nh3 Na6 8. Nf4 Nc7
9. h4 O-O 10. h5 Qe8 11. a4 a6 12. a5 Rb8 13. Na4 Ne4 14. hxg6 hxg6 15. Qd3 Nf6
16. Nb6 Ng4 17. Bd2 Ne5 18. Qc2 Bf6 19. O-O-O Rf7 20. e4 Rg7 21. Rh3 fxe4 22.
Nxc8 Nd3+ 23. Nxd3 exd3 24. Qxd3 Rxc8 25. Rdh1 Kf7 26. Qb3 Rb8 27. Be4 Qd7 28.
f3 Na8 29. Rh8 Qc7 30. Qe3 Rbg8 31. Rxg8 Kxg8 32. Rh6 Qd7 33. Bxg6 Nc7 34. Qb3
Ne8 35. g4 Rxg6 36. Rxg6+ Kf7 37. Rh6 Ng7 38. Qc2 Qd8 39. Qg6+ Kg8 40. Qh7+ Kf7
41. Rxf6+ 1-0

[Event "M.Chigorin Memorial"]
[Site "St. Petersburg RUS"]
[Date "2009.10.20"]
[Round "5.84"]
[White "Zubritskiy, Artyom"]
[Black "Kushka, Alena"]
[Result "1-0"]
[WhiteElo "2342"]
[BlackElo "2182"]
[PlyCount "37"]
[EventDate "2009.??.??"]

1. d4 Nf6 2. c4 e6 3. Nc3 Bb4 4. Nf3 c5 5. g3 Ne4 6. Qc2 cxd4 7. Nxd4 Nxc3 8.
bxc3 Bc5 9. Bg2 Nc6 10. Nb3 Bb6 11. Ba3 Ne7 12. O-O O-O 13. Rad1 Bc7 14. Rd2
Rb8 15. Rfd1 Qe8 16. Nc5 d6 17. Ne4 d5 18. Ng5 g6 19. cxd5 1-0

[Event "M.Chigorin Memorial"]
[Site "St. Petersburg RUS"]
[Date "2009.10.20"]
[Round "5.85"]
[White "Rjabzev, Konstantin"]
[Black "Nuretdinov, Igor"]
[Result "1-0"]
[WhiteElo "2333"]
[BlackElo "2182"]
[PlyCount "92"]
[EventDate "2009.??.??"]

1. e4 c5 2. Nf3 Nc6 3. b3 d6 4. Bb5 a6 5. Bxc6+ bxc6 6. Bb2 Nh6 7. O-O f6 8. d4
cxd4 9. Nxd4 Qb6 10. Nd2 e5 11. Nc4 Qc7 12. Ne2 Be6 13. Qd2 Be7 14. Qa5 Qxa5
15. Nxa5 Rc8 16. Rfd1 d5 17. Rac1 O-O 18. Nxc6 Bc5 19. exd5 Ng4 20. Ne7+ Bxe7
21. dxe6 Bc5 22. Rf1 Rfd8 23. Bc3 Kf8 24. h3 Nh6 25. Ba5 Rd5 26. b4 Rd2 27.
bxc5 Rxe2 28. Rfd1 Ke7 29. Rd6 Nf5 30. Rxa6 Re4 31. Rb1 h5 32. Rb7+ Ke8 33. c6
Rc4 34. c7 Ke7 35. Rb8 R8xc7 36. Bxc7 Rxc7 37. Rg8 h4 38. Rb8 Nd4 39. Rbb6 f5
40. c4 g5 41. Rd6 Ne2+ 42. Kf1 Nf4 43. Rd7+ Rxd7 44. exd7 Kxd7 45. Rf6 g4 46.
Rxf5 gxh3 1-0

[Event "M.Chigorin Memorial"]
[Site "St. Petersburg RUS"]
[Date "2009.10.20"]
[Round "5.86"]
[White "Korchagina, Viktoria"]
[Black "Weisbuch, Udi"]
[Result "0-1"]
[WhiteElo "2172"]
[BlackElo "2317"]
[PlyCount "90"]
[EventDate "2009.??.??"]

1. e4 e6 2. d4 d5 3. Nc3 Nf6 4. Bg5 Be7 5. e5 Nfd7 6. Bxe7 Qxe7 7. f4 a6 8. Nf3
b6 9. Qd2 c5 10. O-O-O Nc6 11. Kb1 Bb7 12. h4 h5 13. g3 O-O-O 14. Bh3 g6 15.
Ne2 Kb8 16. g4 hxg4 17. Bxg4 Rc8 18. h5 f5 19. Nh4 gxh5 20. Bxf5 exf5 21. Ng6
Qf7 22. Nxh8 Rxh8 23. Rhe1 Ne7 24. Ng1 Nf8 25. Nf3 Ne6 26. Ng5 Nxg5 27. fxg5
Qe6 28. dxc5 bxc5 29. Qa5 Qc6 30. e6 Qc7 31. Qc3 d4 32. Qd3 h4 33. g6 f4 34. g7
Rg8 35. Qh7 f3 36. Qxh4 Rxg7 37. Qh8+ Rg8 38. Qf6 Ka7 39. c3 Nd5 40. Qf7 Qxf7
41. exf7 Rf8 42. cxd4 c4 43. Re5 Rxf7 44. Rf1 Nb4 45. Rc5 Be4+ 0-1

[Event "M.Chigorin Memorial"]
[Site "St. Petersburg RUS"]
[Date "2009.10.20"]
[Round "5.87"]
[White "Ulanov, Alexandr"]
[Black "Alekseenko, Kirill"]
[Result "1/2-1/2"]
[WhiteElo "2312"]
[BlackElo "2174"]
[PlyCount "82"]
[EventDate "2009.??.??"]

1. d4 d5 2. Nf3 Nf6 3. c4 dxc4 4. Nc3 a6 5. e4 b5 6. e5 Nd5 7. a4 Nxc3 8. bxc3
Qd5 9. g3 Bb7 10. Bg2 Qd7 11. Ba3 g6 12. O-O Bg7 13. Re1 O-O 14. Bc5 Nc6 15.
Ng5 Qf5 16. h4 h6 17. Be4 Qc8 18. Nf3 Re8 19. h5 Qg4 20. hxg6 fxg6 21. axb5
axb5 22. Rxa8 Rxa8 23. Bxe7 Nxe7 24. Bxb7 Ra3 25. d5 Qd7 26. d6 cxd6 27. Qxd6
Qxb7 28. Qxa3 Nf5 29. Nh2 Bf8 30. Qa5 Nxg3 31. fxg3 Bc5+ 32. Kf1 Qh1+ 33. Ke2
Qd5 34. Kf1 Qh1+ 35. Ke2 Qd5 36. Rf1 Qd3+ 37. Ke1 Qb1+ 38. Kd2 Qb2+ 39. Kd1
Qb1+ 40. Ke2 Qd3+ 41. Ke1 Qb1+ 1/2-1/2

[Event "M.Chigorin Memorial"]
[Site "St. Petersburg RUS"]
[Date "2009.10.20"]
[Round "5.88"]
[White "Samigullina, Diana"]
[Black "Orlov, Oleg"]
[Result "0-1"]
[WhiteElo "2152"]
[BlackElo "2307"]
[PlyCount "68"]
[EventDate "2009.??.??"]

1. d4 Nf6 2. Nf3 c5 3. e3 e6 4. c4 d5 5. Nc3 Nc6 6. Be2 a6 7. b3 cxd4 8. exd4
Bb4 9. Bd2 dxc4 10. bxc4 O-O 11. Qb3 a5 12. a3 a4 13. Qc2 Ba5 14. Qd3 e5 15.
dxe5 Qxd3 16. Bxd3 Ng4 17. Nd5 Bxd2+ 18. Kxd2 Nxf2 19. Rhf1 Nxd3 20. Kxd3 Be6
21. Ke4 Na5 22. Rac1 Rfd8 23. Rfd1 Nb3 24. Rc3 Kf8 25. Ng5 Rac8 26. Nxh7+ Ke8
27. Ng5 b5 28. Nxe6 fxe6 29. Ne3 Nd2+ 30. Kf4 Rd4+ 31. Kg3 Ne4+ 32. Kf3 Rxd1
33. Kxe4 Rb1 34. c5 Rb3 0-1

[Event "M.Chigorin Memorial"]
[Site "St. Petersburg RUS"]
[Date "2009.10.20"]
[Round "5.89"]
[White "Karzev, Evgeny"]
[Black "Frolochkin, Vladimir"]
[Result "1/2-1/2"]
[WhiteElo "2145"]
[BlackElo "2305"]
[PlyCount "74"]
[EventDate "2009.??.??"]

1. e4 e5 2. Nf3 Nc6 3. Bb5 Nf6 4. d3 d6 5. c3 Be7 6. Nbd2 O-O 7. O-O a6 8. Ba4
Re8 9. a3 Bf8 10. Re1 b5 11. Bb3 Be6 12. Bxe6 Rxe6 13. a4 Rb8 14. axb5 axb5 15.
Ra6 Qd7 16. Qb3 Ree8 17. Nf1 Nd8 18. Ng3 Ne6 19. Be3 c5 20. h3 g6 21. Qa2 Nc7
22. Ra7 Qc6 23. Ng5 d5 24. exd5 Ncxd5 25. Rxf7 c4 26. dxc4 Qxc4 27. Qb1 Bg7 28.
Ra7 b4 29. cxb4 Qxb4 30. Rc1 e4 31. Qa2 Qb3 32. Qxb3 Rxb3 33. Bd4 Rb4 34. Bxf6
Nxf6 35. Rcc7 Bf8 36. Nxh7 Nxh7 37. Rxh7 e3 1/2-1/2